| 000 | 00450nam a22001697a 4500 | ||
|---|---|---|---|
| 003 | SGT | ||
| 020 | _a9780367522049 | ||
| 082 |
_a617.102 _bS24P |
||
| 100 | _aPETERSON, LARS | ||
| 245 | _aSPORTS INJURIES PREVENTION, TREATMENT AND REHABILITATION | ||
| 250 | _a5TH | ||
| 260 |
_aNEW YORK _bROUTLEDGE PUB _c2024 |
||
| 300 | _a680 | ||
| 650 | _aSPORT SCIENCE | ||
| 653 | _aSPORTS INJURIES PREVENTION, TREATMENT AND REHABILITATION | ||
| 942 |
_2ddc _cBK |
||
| 999 |
_c33172 _d33172 |
||